Normal view MARC view
  • AGRAWAL, RATTAN LAL

Entry Personal Name

Number of records used in: 1

001 - CONTROL NUMBER

  • control field: 7484

003 - CONTROL NUMBER IDENTIFIER

  • control field: OSt

005 - DATE AND TIME OF LATEST TRANSACTION

  • control field: 20230124164216.0

008 - FIXED-LENGTH DATA ELEMENTS

  • fixed length control field: 230124|| aca||aabn | a|a d

040 ## - CATALOGING SOURCE

  • Original cataloging agency: OSt
  • Transcribing agency: OSt

100 ## - HEADING--PERSONAL NAME

  • Personal name: AGRAWAL, RATTAN LAL

670 ## - SOURCE DATA FOUND

  • Source citation: Work cat.: (OSt)8195: AGRAWAL, RATTAN LAL, SEED TECHNOLOGY, 2022